| 000 | 00528nab#a2200205#c#4500 | ||
|---|---|---|---|
| 003 | IEF | ||
| 005 | 20180219170254.0 | ||
| 008 | 941031s1972 ESP|| #####0 b|SPA|u | ||
| 040 | _aIEF | ||
| 041 | _aSPA | ||
| 245 | _aRevue des sociétés | ||
| 260 |
_aParis _b Jurisprudence Générale Dalloz _c1972 |
||
| 300 |
_av. _c 24 cm. |
||
| 650 | 4 |
_aSOCIEDADES ANONIMAS _948459 |
|
| 650 | 4 |
_aEUROPA _943946 |
|
| 773 | 0 |
_tRevue des sociétés, nº 1, janvier-mars _gv. ; 24 cm. |
|
| 942 | _cART | ||
| 942 | _z4240 | ||
| 999 |
_c104355 _d104355 |
||